| 000 | 00799nam a22002297a 4500 | ||
|---|---|---|---|
| 003 | UA-OsUOA | ||
| 001 | 31652 | ||
| 007 | ta | ||
| 008 | 20050110b un ||||| |||| 00| 0 ukr d | ||
| 090 |
_a94 _bВ85 |
||
| 942 | _cBK | ||
| 040 |
_aUA-OsUOA _bukr _cUA-OsUOA _dUA-OsUOA |
||
| 245 |
_aВсесвітня історія Країни Центральної та Південно-Східної Європи в 1943-1993 рр. _bЗбірник матеріалів і методичних рекомендацій для викладачів, студентів та абітурієнтів _cРед. Г. Я.Туранська |
||
| 300 | _a93 с. | ||
| 955 | _a0 | ||
| 041 | _aukr | ||
| 080 | _a94 | ||
| 260 |
_aКиїв _bЗнання _c1993 |
||
| 044 | _aUA | ||
| 650 | 7 | _2UDC | |
| 999 |
_c318081 _d318081 |
||